Sienna the saturday fairy (Record no. 614867)
[ view plain ]
| 000 -LEADER | |
|---|---|
| fixed length control field | 00311nam a22001337a 4500 |
| 020 ## - INTERNATIONAL STANDARD BOOK NUMBER | |
| International Standard Book Number | 9781846161933 |
| 082 ## - DEWEY DECIMAL CLASSIFICATION NUMBER | |
| Classification number | 823.92 |
| Author Mark | MEA |
| 100 ## - MAIN ENTRY--PERSONAL NAME | |
| Personal name | Meadowa,Daisy |
| 245 ## - TITLE STATEMENT | |
| Title | Sienna the saturday fairy |
| 260 ## - PUBLICATION, DISTRIBUTION, ETC. | |
| Place of publication, distribution, etc. | Australia: |
| Name of publisher, distributor, etc. | Orchard Books, |
| Date of publication, distribution, etc. | 2006. |
| 300 ## - PHYSICAL DESCRIPTION | |
| Extent | 74p. ; |
| 563 ## - BINDING INFORMATION | |
| Binding note | PB |
| 942 ## - ADDED ENTRY ELEMENTS (KOHA) | |
| Source of classification or shelving scheme | |
| Koha item type | Book |
| Withdrawn status | Lost status | Source of classification or shelving scheme | Damaged status | Not for loan | Permanent Location | Current Location | Shelving location | Date acquired | Source of acquisition | Full call number | Barcode | Date last seen | Price effective from | Koha item type |
|---|---|---|---|---|---|---|---|---|---|---|---|---|---|---|
| Central Library (CL) | Central Library (CL) | Children Section | 09/25/2025 | Donated by Children - Summer Camp, 2025. | 823.92 MEA | CL-CS-7 | 09/25/2025 | 09/25/2025 | Children Section |
